000 00605nam a2200217Ia 4500
008 101110s9999 xx 000 0 und d
041 _aENGLISH
082 _bSR26351
100 _aPai N.R., Jain Preeti, v. Kumar, Ramalingam S., Shatri S.R. and others
245 _aConcepts in drugs and dyes (TYBSc)
260 _c2004
_bChetana Publ., Mumbai
300 _a240
365 _b100
520 _aChemistry
546 _aENGLISH
630 _aConcepts in drugs and dyes (TYBSc)
650 _aChemistry
655 _aChemistry
730 _aConcepts in drugs and dyes (TYBSc)
942 _cBOOK
999 _c818940
_d818937